000
00340nam a22001457a 4500
008
211019b ||||| |||| 00| 0 eng d
020
_a
9780495014775
041
_a
eng
080
_2
6th
_a
575
082
_a
575
100
_a
5
101
_a
BIOK
245
_a
Introduction to Organic and Biochemistry
_c
Bettelheim,F.A
942
_2
udc
_c
BK
999
_c
58274
_d
58274